LEADER 00993nam a2200193 i 4500 001 000000022912 003 CaOOAMICUS 005 20180830125445.0 008 180830s1900 fr u000 u und u 040 $aSeMil$bita 245 10$aAnciennes littératures chrétiennes. 260 $aParis :$bVictor Lecoffre,$c1900-1901. 300 $a2 v. ;$c19 cm. 650 4$aLetteratura cristiana antica.$0(OLS)http://semarc/subject/1197 773 0 $tBibliothèque de l'enseignement de l'histoire ecclésiastique.$dParis : Lecoffre, [189-?]$w()21693 774 0 $aBatiffol, Pierre <1861-1929>$tLittérature grecque.$bTroisième édition.$kBibliothèque de l'enseignement de l'histoire ecclésiastique$g1$w()185790 774 0 $aDuval, Rubens$tLittérature syriaque.$b2. éd.$kBibliothèque de l'enseignement de l'histoire ecclésiastique$g2$w()229150 996 $6245$aAnciennes littératures chrétiennes$9(OLS)http://semarc/title/30698 996 $6260$aParis :$bVictor Lecoffre$9(OLS)http://semarc/publisher/31317 LEADER 01529nam a2200313 i 4500 001 000000106671 003 CaOOAMICUS 005 20021129000000.0 008 021129s2002 it u000 u ita u 013 $a78865 020 $a88-15-08446-0 040 $aSeMil$bita 110 0 $aAssociazione per la ricerca sperimentale sui problemi dei giovani .$0(OLS)http://semarc/name/22876 245 10$aGiovani del nuovo secolo :$bquinto rapporto IARD sulla condizione giovanile in Italia /$ca cura di Carlo Buzzi, Alessandro Cavalli e Antonio De Lillo. 260 $aBologna :$bIl Mulino,$ccopyr 2002. 300 $a683 p. :$btabelle ;$c22 cm. 490 0 $aStudi e ricerche ;$v490. 500 $aContiene : Appendice ; Riferimenti bibliografici. 650 4$aGiovani - Italia - Ricerche.$0(OLS)http://semarc/subject/12107 700 1 $aDe Lillo, Antonio.$0(OLS)http://semarc/name/19944 700 1 $aCavalli, Alessandro.$0(OLS)http://semarc/name/16913 700 1 $aBuzzi, Carlo <1947- >.$0(OLS)http://semarc/name/30884 830 0$aStudi e ricerche ;$v490.$0(OLS)http://semarc/title/6597 850 $aSeMil 852 $aSeMil$W1$xVenegono$y1$m3N VI 216$j62787$B62787$CSeMilBibl$Z2$F73246 $81 961 $aOmaggio: Bressan don Luca 996 $6020$a88-15-08446-0$9(OLS)http://semarc/number/87443 996 $6245$aGiovani del nuovo secolo :$bquinto rapporto IARD sulla condizione giovanile in Italia$9(OLS)http://semarc/title/154742 996 $6260$aBologna :$bIl Mulino$9(OLS)http://semarc/publisher/29842